[Event "FIDE Womens Grand Swiss 2021"]
[Site "Riga"]
[Date "2021.10.28"]
[Round "2.7"]
[White "Pogonina, Natalija"]
[Black "Sargsyan, Anna M."]
[Result "1-0"]
[WhiteElo "2467"]
[BlackElo "2402"]
[Annotator "ChessBase"]
[PlyCount "75"]
[EventDate "2021.10.27"]
[EventType "swiss"]
[EventCountry "LAT"]
[Tiebreak "Cut1 Buchholz+Sonneborn-Berger (Swiss)"]
[SourceTitle "playchess.com"]
[Source "ChessBase"]
[SourceQuality "1"]
[TimeControl "40/6000+30:20/3000+30:900+30"]

1. c4 {[%emt 0:10:06]} e5 {[%emt 0:10:34]} 2. Nc3 {[%emt 0:00:11]} Nc6 {
[%emt 0:01:30]} 3. g3 {[%emt 0:01:10]} f5 {[%emt 0:00:13]} 4. Bg2 {[%emt 0:00:
21]} Nf6 {[%emt 0:00:33]} 5. e3 {[%emt 0:01:00]} Be7 {[%emt 0:04:07]} 6. d4 {
[%emt 0:05:06]} d6 {[%emt 0:03:22]} 7. Nge2 {[%emt 0:05:57]} O-O {[%emt 0:00:
21]} 8. O-O {[%emt 0:00:37]} Qe8 {[%emt 0:03:28]} 9. Rb1 {[%emt 0:09:45]} a5 {
[%emt 0:07:13]} 10. Nb5 {[%emt 0:13:38]} Bd8 {[%emt 0:01:19]} 11. dxe5 {
[%emt 0:04:42]} dxe5 {[%emt 0:08:07]} 12. b3 {[%emt 0:00:27]} Be6 {[%emt 0:03:
31]} 13. Bb2 {[%emt 0:01:53]} Rf7 {[%emt 0:01:46]} 14. Nec3 {[%emt 0:03:28]}
Rd7 {[%emt 0:06:43]} 15. Qe2 {[%emt 0:00:44]} Nb4 {[%emt 0:02:59]} 16. a3 {
[%emt 0:05:46]} Nc6 {[%emt 0:02:43]} 17. Rfd1 {[%emt 0:03:29]} Rc8 {[%emt 0:08:
21]} 18. Rxd7 {[%emt 0:02:51]} Nxd7 {[%emt 0:01:33]} 19. Nd5 {[%emt 0:05:31]}
e4 {[%emt 0:05:15]} 20. f3 {[%emt 0:02:36]} exf3 {[%emt 0:08:26]} 21. Bxf3 {
[%emt 0:01:42]} Bf7 {[%emt 0:01:23]} 22. Rf1 {[%emt 0:04:00]} Nc5 {[%emt 0:03:
50]} 23. Bg2 {[%emt 0:01:42]} Nxb3 {[%emt 0:02:31]} 24. Qc2 {[%emt 0:06:52]}
Nc5 {[%emt 0:00:11]} 25. Qxf5 {[%emt 0:00:29]} Ne6 {[%emt 0:03:16]} 26. Kh1 {
[%emt 0:06:43]} Be7 {[%emt 0:04:23]} 27. Qg4 {[%emt 0:02:16]} h5 {[%emt 0:01:
09]} 28. Qf5 {[%emt 0:00:44]} Bd6 {[%emt 0:04:35]} 29. Bh3 {[%emt 0:05:33]} Rd8
{[%emt 0:02:12]} 30. Nf6+ {[%emt 0:04:01]} gxf6 {[%emt 0:00:07]} 31. Qxf6 {
[%emt 0:00:10]} Be5 {[%emt 0:00:07]} 32. Bxe5 {[%emt 0:00:16]} Nxe5 {[%emt 0:
00:06]} 33. Qxe5 {[%emt 0:00:14]} Ng7 {[%emt 0:02:53]} 34. Qf4 {[%emt 0:02:33]}
Qc6+ {[%emt 0:00:54]} 35. Bg2 {[%emt 0:00:04]} Qxc4 {[%emt 0:00:13]} 36. Nd4 {
[%emt 0:01:12]} c5 {[%emt 0:00:52]} 37. Qf6 {[%emt 0:00:20]} Rd5 {[%emt 0:00:
56]} 38. Qxf7+ {[%emt 0:00:12]} 1-0

[Event "FIDE Womens Grand Swiss 2021"]
[Site "Riga"]
[Date "2021.10.28"]
[Round "2.8"]
[White "Arakhamia-Grant, Ketevan"]
[Black "Gunina, Valentina"]
[Result "0-1"]
[WhiteElo "2376"]
[BlackElo "2462"]
[Annotator "TA"]
[PlyCount "88"]
[EventDate "2021.10.27"]
[EventType "swiss"]
[EventCountry "LAT"]
[Tiebreak "Cut1 Buchholz+Sonneborn-Berger (Swiss)"]
[SourceTitle "playchess.com"]
[Source "ChessBase"]
[SourceQuality "1"]

{[%evp 9,88,6,7,0,7,10,0,6,5,0,10,0,2,0,12,-32,-30,-41,0,-35,-25,-25,0,0,0,0,0,
0,0,0,14,-12,-14,-83,20,0,0,-33,-30,-33,-43,-36,-36,-42,-32,-37,-42,-37,-35,
-28,-20,-46,-65,-170,-161,-172,-139,-173,-158,-257,-268,-285,-280,-359,-273,
-289,-216,-331,-305,-350,-334,-433,-425,-735,-631,-29976,-29977,-29979,-29978,
-29982,-29977]} 1. e4 c6 2. d4 d5 3. e5 c5 4. dxc5 e6 5. a3 Bxc5 6. b4 {
B12: Caro-Kann: Advance Variation.} Bb6 7. Nf3 a5 8. b5 {The position is equal.
} Nd7 9. Bd3 a4 10. O-O Ne7 11. Bb2 Nc5 12. Bd4 Bd7 13. Nc3 {[#]} Nxd3 $146 ({
Predecessor:} 13... h6 14. Ne2 O-O 15. Rb1 Rc8 16. Qd2 Ng6 17. g3 Ne4 18. Qe3
Bxd4 19. Qxd4 Qe7 {0-1 (37) Nestorovic,N (2466)-Ding,L (2805) Chess.com INT
2020}) 14. Qxd3 O-O 15. Rab1 Nf5 16. Bxb6 Qxb6 17. Rb4 Rfc8 18. Rfb1 Ra5 19. g4
Ne7 20. h4 Qc7 21. Nxa4 {[#]} (21. Rxa4 $11 {remains equal.} Rxa4 22. Nxa4)
21... Ng6 (21... Bxb5 $1 $17 22. Rxb5 Rxa4 23. Rxb7 Rxg4+ 24. Kf1 Qd8) 22. Qe3
Qxc2 23. Nb6 {[#]} (23. Ne1 $5 {[%cal Re1c2]} Qc7 24. Nf3 $11) 23... Rc3 $1 {
[%mdl 64] Double Attack} 24. Nd4 Rxe3 25. Nxc2 Rc3 26. Nxd7 {Nd4 is the strong
threat.} Rxc2 27. h5 Nf8 $36 {[%mdl 2048] Black fights for an advantage.} 28.
Nxf8 Kxf8 $15 {[%mdl 4096] Endgame KRR-KRR} 29. a4 g5 30. hxg6 hxg6 31. Rd1 {
[#]} ({White should try} 31. Ra1 $15) 31... Ra2 $1 $19 32. Rdd4 Ra8 33. g5 Re2
34. f4 (34. Rd1 $17 {keeps fighting.}) 34... Ra2 35. b6 Ke7 36. Rb5 {intending
Rc5.} Rc8 {( -> ...Rc1+)} ({Resist} 36... R2xa4 37. Rdb4 $19) 37. Rb1 Kd7 38.
Rdb4 (38. f5 {was worth a try.} Rc4 39. Rxc4 dxc4 40. fxg6 fxg6 41. Rc1 Rxa4
42. Kf2) 38... Rcc2 39. Kh1 Kc6 40. Kg1 Rc4 41. Rxc4+ (41. a5 $142 Rxa5 42. Kf2
) 41... dxc4 42. Rb4 Kc5 {Black mates.} 43. Rb5+ Kd4 44. a5 c3 {Weighted Error
Value: White=0.50/Black=0.14} 0-1

[Event "FIDE Womens Grand Swiss 2021"]
[Site "Riga"]
[Date "2021.10.28"]
[Round "2.9"]
[White "Zhu, Jiner"]
[Black "Melia, Salome"]
[Result "1-0"]
[WhiteElo "2455"]
[BlackElo "2371"]
[Annotator "ChessBase"]
[PlyCount "113"]
[EventDate "2021.10.27"]
[EventType "swiss"]
[EventCountry "LAT"]
[Tiebreak "Cut1 Buchholz+Sonneborn-Berger (Swiss)"]
[SourceTitle "playchess.com"]
[Source "ChessBase"]
[SourceQuality "1"]
[TimeControl "40/6000+30:20/3000+30:900+30"]

1. e4 {[%emt 0:10:07]} c5 {[%emt 0:10:06]} 2. Nf3 {[%emt 0:00:05]} Nc6 {
[%emt 0:00:05]} 3. d4 {[%emt 0:00:09]} cxd4 {[%emt 0:00:02]} 4. Nxd4 {[%emt 0:
00:08]} Nf6 {[%emt 0:00:05]} 5. Nc3 {[%emt 0:00:12]} e5 {[%emt 0:00:04]} 6.
Ndb5 {[%emt 0:00:09]} d6 {[%emt 0:00:16]} 7. Bg5 {[%emt 0:00:19]} a6 {[%emt 0:
00:06]} 8. Na3 {[%emt 0:00:06]} b5 {[%emt 0:00:12]} 9. Nd5 {[%emt 0:00:18]} Be7
{[%emt 0:00:05]} 10. Bxf6 {[%emt 0:00:07]} Bxf6 {[%emt 0:00:05]} 11. c3 {
[%emt 0:00:12]} O-O {[%emt 0:01:51]} 12. Nc2 {[%emt 0:00:18]} Bg5 {[%emt 0:00:
20]} 13. a4 {[%emt 0:00:20]} bxa4 {[%emt 0:00:04]} 14. Rxa4 {[%emt 0:00:07]} a5
{[%emt 0:00:15]} 15. Bc4 {[%emt 0:00:30]} Rb8 {[%emt 0:00:06]} 16. b3 {[%emt 0:
00:08]} Kh8 {[%emt 0:00:47]} 17. Ra2 {[%emt 0:05:24]} f5 {[%emt 0:14:53]} 18.
exf5 {[%emt 0:00:51]} Bxf5 {[%emt 0:00:06]} 19. O-O {[%emt 0:03:45]} Qd7 {
[%emt 0:08:48]} 20. Qe2 {[%emt 0:06:33]} Bg4 {[%emt 0:11:39]} 21. f3 {[%emt 0:
01:31]} Bf5 {[%emt 0:00:17]} 22. Kh1 {[%emt 0:01:52]} Bg6 {[%emt 0:06:38]} 23.
Nce3 {[%emt 0:11:13]} Rfe8 {[%emt 0:05:34]} 24. Nd1 {[%emt 0:09:22]} Bd8 {
[%emt 0:05:28]} 25. Nf2 {[%emt 0:01:19]} Ne7 {[%emt 0:00:28]} 26. Nxe7 {
[%emt 0:05:11]} Qxe7 {[%emt 0:03:13]} 27. Ne4 {[%emt 0:00:26]} Bc7 {[%emt 0:04:
18]} 28. Rd1 {[%emt 0:04:29]} Rf8 {[%emt 0:03:55]} 29. Rad2 {[%emt 0:03:23]}
Rbd8 {[%emt 0:04:20]} 30. Bd5 {[%emt 0:02:24]} Rf4 {[%emt 0:00:59]} 31. Qc4 {
[%emt 0:04:11]} Rb8 {[%emt 0:03:31]} 32. b4 {[%emt 0:02:45]} axb4 {[%emt 0:01:
31]} 33. cxb4 {[%emt 0:00:08]} Bb6 {[%emt 0:01:03]} 34. Ra2 {[%emt 0:01:25]}
Rff8 {[%emt 0:02:32]} 35. Ra6 {[%emt 0:01:57]} Bxe4 {[%emt 0:10:34]} 36. Bxe4 {
[%emt 0:00:21]} Bd4 {[%emt 0:01:38]} 37. b5 {[%emt 0:00:55]} Bc5 {[%emt 0:01:
59]} 38. Rb1 {[%emt 0:04:46]} Qd8 {[%emt 0:03:07]} 39. g3 {[%emt 0:01:06]} g6 {
[%emt 0:02:47]} 40. Kg2 {[%emt 0:02:10]} Kg7 {[%emt 0:01:22]} 41. Qd3 {[%emt 0:
52:09]} Bb6 {[%emt 0:52:26]} 42. h4 {[%emt 0:05:47]} Qc7 {[%emt 0:00:00]} 43.
Bc6 {[%emt 0:00:00]} Rfd8 {[%emt 0:00:00]} 44. Ra2 {[%emt 0:00:00]} Qf7 {
[%emt 0:00:00]} 45. Bd5 {[%emt 0:00:00]} Qf5 {[%emt 0:00:00]} 46. Qb3 {[%emt 0:
00:00]} Rf8 {[%emt 0:00:00]} 47. Rc1 {[%emt 0:00:00]} g5 {[%emt 0:04:44]} 48.
Be4 {[%emt 0:00:00]} Qf6 {[%emt 0:00:12]} 49. hxg5 {[%emt 0:00:00]} Qxg5 {
[%emt 0:00:02]} 50. Rc6 {[%emt 0:00:00]} Kh8 {[%emt 0:00:46]} 51. Rxd6 {
[%emt 0:00:00]} Rg8 {[%emt 0:00:02]} 52. g4 {[%emt 0:00:00]} Qc1 {[%emt 0:02:
22]} 53. Rd1 {[%emt 0:00:00]} Qf4 {[%emt 0:00:31]} 54. Qe6 {[%emt 0:00:00]}
Rge8 {[%emt 0:00:44]} 55. Qd7 {[%emt 0:00:00]} Qh6 {[%emt 0:00:31]} 56. Rh1 {
[%emt 0:00:00]} Rbd8 {[%emt 0:00:27]} 57. Qxe8+ 1-0

[Event "FIDE Womens Grand Swiss 2021"]
[Site "Riga"]
[Date "2021.10.28"]
[Round "2.10"]
[White "Muzychuk, Mariya"]
[Black "Assaubayeva, Bibisara"]
[Result "1/2-1/2"]
[WhiteElo "2536"]
[BlackElo "2400"]
[Annotator "TA"]
[PlyCount "62"]
[EventDate "2021.10.27"]
[EventType "swiss"]
[EventCountry "LAT"]
[Tiebreak "Cut1 Buchholz+Sonneborn-Berger (Swiss)"]
[SourceTitle "playchess.com"]
[Source "ChessBase"]
[SourceQuality "1"]

{[%evp 19,62,18,14,4,3,2,28,23,24,22,31,0,9,0,29,0,0,0,0,0,0,-16,-16,-19,-19,
-19,-19,-16,-17,-25,-25,-18,-18,-17,-18,-18,-18,-39,-43,-43,-31,-37,-34,-39,
-21]} 1. e4 c5 2. c3 Nf6 3. e5 Nd5 4. d4 cxd4 5. Nf3 Nc6 6. Bc4 e6 7. cxd4 d6
8. O-O Be7 9. Qe2 O-O 10. Rd1 Qc7 {10...Bd7 is the modern continuation.} 11.
Bd2 {B22: Sicilian: 2 c3.} dxe5 12. dxe5 {[#]} b6 $146 {[%cal Bb7b6,Bb6b5]
[%mdl 32]} ({Predecessor:} 12... Rd8 13. Nc3 Nxc3 14. Bxc3 Bd7 15. h4 Be8 16.
h5 Rxd1+ 17. Rxd1 Rd8 18. Rxd8 Qxd8 {1/2-1/2 (33) Yoo,C (2466)-Teclaf,P (2543)
chess24.com INT 2021}) 13. Na3 {White has an edge.} a6 14. Rac1 Bb7 15. h4 b5
16. Bd3 Qb6 17. h5 Ncb4 18. Bb1 Rac8 19. Nc2 Nxc2 20. Bxc2 Rc4 21. Be4 {[#]}
Rxe4 $1 {[%mdl 64] Decoy} 22. Qxe4 {[#] Hoping for Qg4.} Nc3 $1 {[%cal Rc3e4]
[%mdl 64] Double Attack} 23. Qe3 Qxe3 24. Bxe3 Nxd1 25. Rxd1 Rd8 26. Rc1 Rc8
27. Rxc8+ Bxc8 28. h6 Bb7 {Black is slightly better.} 29. Nd4 Bd5 30. hxg7 $1
Kxg7 31. a3 f6 {Weighted Error Value: White=0.06/Black=0.04} 1/2-1/2

[Event "FIDE Womens Grand Swiss 2021"]
[Site "Riga"]
[Date "2021.10.28"]
[Round "2.11"]
[White "Divya Deshmukh"]
[Black "Harika, Dronavalli"]
[Result "0-1"]
[WhiteElo "2305"]
[BlackElo "2511"]
[Annotator "ChessBase"]
[PlyCount "84"]
[EventDate "2021.10.27"]
[EventType "swiss"]
[EventCountry "LAT"]
[Tiebreak "Cut1 Buchholz+Sonneborn-Berger (Swiss)"]
[SourceTitle "playchess.com"]
[Source "ChessBase"]
[SourceQuality "1"]
[TimeControl "40/6000+30:20/3000+30:900+30"]

1. e4 {[%emt 0:10:03]} e5 {[%emt 0:10:05]} 2. Nf3 {[%emt 0:00:05]} Nc6 {
[%emt 0:00:06]} 3. Nc3 {[%emt 0:00:03]} Nf6 {[%emt 0:00:16]} 4. Bb5 {[%emt 0:
00:05]} Bd6 {[%emt 0:00:14]} 5. d3 {[%emt 0:00:45]} O-O {[%emt 0:00:44]} 6. Bg5
{[%emt 0:06:31]} Be7 {[%emt 0:01:32]} 7. h3 {[%emt 0:01:32]} Nd4 {[%emt 0:17:
15]} 8. Nxd4 {[%emt 0:21:30]} exd4 {[%emt 0:00:22]} 9. Bxf6 {[%emt 0:00:03]}
Bxf6 {[%emt 0:00:24]} 10. Ne2 {[%emt 0:00:37]} d5 {[%emt 0:05:37]} 11. O-O {
[%emt 0:01:41]} a6 {[%emt 0:01:29]} 12. Ba4 {[%emt 0:00:31]} dxe4 {[%emt 0:01:
24]} 13. dxe4 {[%emt 0:00:02]} b5 {[%emt 0:00:06]} 14. Bb3 {[%emt 0:00:13]} Bb7
{[%emt 0:00:05]} 15. Ng3 {[%emt 0:13:30]} c5 {[%emt 0:01:09]} 16. a4 {[%emt 0:
00:04]} c4 {[%emt 0:00:47]} 17. Ba2 {[%emt 0:00:02]} Re8 {[%emt 0:03:07]} 18.
b3 {[%emt 0:04:58]} d3 {[%emt 0:20:40]} 19. Rb1 {[%emt 0:02:00]} dxc2 {[%emt 0:
04:52]} 20. Qxc2 {[%emt 0:00:49]} c3 {[%emt 0:04:42]} 21. b4 {[%emt 0:13:43]}
bxa4 {[%emt 0:00:18]} 22. Rbd1 {[%emt 0:18:29]} Qc7 {[%emt 0:03:49]} 23. Qxa4 {
[%emt 0:00:40]} Bc6 {[%emt 0:03:22]} 24. Qc2 {[%emt 0:01:01]} Rab8 {[%emt 0:01:
01]} 25. Rb1 {[%emt 0:09:07]} Red8 {[%emt 0:02:06]} 26. Bd5 {[%emt 0:02:16]}
Bxd5 {[%emt 0:04:00]} 27. exd5 {[%emt 0:00:01]} Rxd5 {[%emt 0:00:07]} 28. Ne4 {
[%emt 0:00:02]} Bd4 {[%emt 0:00:43]} 29. Nd2 {[%emt 0:02:02]} h6 {[%emt 0:05:
32]} 30. Nf3 {[%emt 0:01:09]} Bf6 {[%emt 0:00:09]} 31. Rfe1 {[%emt 0:00:26]} g6
{[%emt 0:01:13]} 32. Ra1 {[%emt 0:01:59]} Rd6 {[%emt 0:00:37]} 33. Qa4 {
[%emt 0:00:29]} Kg7 {[%emt 0:00:24]} 34. Nh2 {[%emt 0:00:28]} Qc4 {[%emt 0:03:
19]} 35. Ng4 {[%emt 0:00:24]} Qxb4 {[%emt 0:05:11]} 36. Qa2 {[%emt 0:00:31]}
Qc5 {[%emt 0:02:21]} 37. Rac1 {[%emt 0:00:35]} h5 {[%emt 0:00:31]} 38. Nxf6 {
[%emt 0:00:31]} Rxf6 {[%emt 0:00:04]} 39. Rc2 {[%emt 0:00:32]} Qd4 {[%emt 0:00:
34]} 40. Rec1 {[%emt 0:00:29]} Rb2 {[%emt 0:00:28]} 41. Rxb2 {[%emt 0:50:16]}
cxb2 {[%emt 0:50:05]} 42. Rf1 {[%emt 0:00:05]} a5 {[%emt 0:00:28]} 0-1

[Event "FIDE Womens Grand Swiss 2021"]
[Site "Riga"]
[Date "2021.10.28"]
[Round "2.12"]
[White "Saduakassova, Dinara"]
[Black "Maltsevskaya, Aleksandra"]
[Result "1/2-1/2"]
[WhiteElo "2491"]
[BlackElo "2411"]
[Annotator "ChessBase"]
[PlyCount "87"]
[EventDate "2021.10.27"]
[EventType "swiss"]
[EventCountry "LAT"]
[Tiebreak "Cut1 Buchholz+Sonneborn-Berger (Swiss)"]
[SourceTitle "playchess.com"]
[Source "ChessBase"]
[SourceQuality "1"]
[TimeControl "40/6000+30:20/3000+30:900+30"]

1. Nf3 {[%emt 0:10:29]} d5 {[%emt 0:10:45]} 2. g3 {[%emt 0:00:08]} c6 {[%emt 0:
03:44]} 3. Bg2 {[%emt 0:00:07]} Bg4 {[%emt 0:00:06]} 4. O-O {[%emt 0:00:16]} e6
{[%emt 0:03:33]} 5. d3 {[%emt 0:01:01]} Bd6 {[%emt 0:02:11]} 6. e4 {[%emt 0:03:
26]} Nd7 {[%emt 0:01:16]} 7. h3 {[%emt 0:07:10]} Bxf3 {[%emt 0:02:28]} 8. Qxf3
{[%emt 0:00:55]} Ngf6 {[%emt 0:06:46]} 9. exd5 {[%emt 0:09:58]} cxd5 {[%emt 0:
09:16]} 10. c4 {[%emt 0:00:21]} O-O {[%emt 0:08:54]} 11. Nc3 {[%emt 0:00:26]}
Nb6 {[%emt 0:01:20]} 12. Bg5 {[%emt 0:02:45]} Be7 {[%emt 0:00:58]} 13. Bxf6 {
[%emt 0:05:27]} Bxf6 {[%emt 0:00:08]} 14. cxd5 {[%emt 0:00:04]} exd5 {[%emt 0:
09:52]} 15. Nxd5 {[%emt 0:09:04]} Bxb2 {[%emt 0:04:51]} 16. Rab1 {[%emt 0:04:
16]} Bd4 {[%emt 0:11:56]} 17. Qe4 {[%emt 0:04:48]} Bc5 {[%emt 0:12:28]} 18. d4
{[%emt 0:03:36]} Re8 {[%emt 0:13:05]} 19. Qc2 {[%emt 0:09:29]} Bxd4 {[%emt 0:
05:27]} 20. Rfd1 {[%emt 0:04:00]} Rc8 {[%emt 0:00:07]} 21. Qf5 {[%emt 0:00:53]}
g6 {[%emt 0:01:16]} 22. Qg4 {[%emt 0:17:06]} Bxf2+ {[%emt 0:00:07]} 23. Kxf2 {
[%emt 0:00:03]} Rc2+ {[%emt 0:00:50]} 24. Kg1 {[%emt 0:00:06]} Nxd5 {[%emt 0:
00:19]} 25. Bxd5 {[%emt 0:00:05]} Qc7 {[%emt 0:00:45]} 26. Rd3 {[%emt 0:00:48]}
Rc1+ {[%emt 0:00:28]} 27. Rxc1 {[%emt 0:00:12]} Qxc1+ {[%emt 0:00:05]} 28. Rd1
{[%emt 0:00:06]} Re1+ {[%emt 0:00:39]} 29. Rxe1 {[%emt 0:00:03]} Qxe1+ {
[%emt 0:00:06]} 30. Kh2 {[%emt 0:00:03]} Qd2+ {[%emt 0:00:05]} 31. Bg2 {
[%emt 0:00:03]} Qxa2 {[%emt 0:00:36]} 32. Qc8+ {[%emt 0:00:06]} Kg7 {[%emt 0:
00:04]} 33. Qxb7 {[%emt 0:00:05]} a5 {[%emt 0:00:15]} 34. g4 {[%emt 0:05:27]}
a4 {[%emt 0:01:23]} 35. Kg3 {[%emt 0:01:10]} Qb3+ {[%emt 0:00:23]} 36. Qxb3 {
[%emt 0:00:14]} axb3 {[%emt 0:00:04]} 37. Kf4 {[%emt 0:00:41]} b2 {[%emt 0:00:
51]} 38. Be4 {[%emt 0:00:06]} h6 {[%emt 0:00:30]} 39. Bb1 {[%emt 0:01:06]} f5 {
[%emt 0:00:28]} 40. Ke5 {[%emt 0:00:40]} fxg4 {[%emt 0:00:35]} 41. hxg4 {
[%emt 0:50:04]} g5 {[%emt 0:50:04]} 42. Kf5 {[%emt 0:00:27]} h5 {[%emt 0:00:06]
} 43. gxh5 {[%emt 0:00:14]} g4 {[%emt 0:00:05]} 44. Ke4 1/2-1/2

[Event "FIDE Womens Grand Swiss 2021"]
[Site "Riga"]
[Date "2021.10.28"]
[Round "2.13"]
[White "Stefanova, Antoaneta"]
[Black "Kamalidenova, Meruert"]
[Result "1-0"]
[WhiteElo "2475"]
[BlackElo "2339"]
[Annotator "ChessBase"]
[PlyCount "99"]
[EventDate "2021.10.27"]
[EventType "swiss"]
[EventCountry "LAT"]
[Tiebreak "Cut1 Buchholz+Sonneborn-Berger (Swiss)"]
[SourceTitle "playchess.com"]
[Source "ChessBase"]
[SourceQuality "1"]
[TimeControl "40/6000+30:20/3000+30:900+30"]

1. d4 {[%emt 0:10:04]} Nf6 {[%emt 0:10:05]} 2. c4 {[%emt 0:00:09]} g6 {[%emt 0:
00:07]} 3. Nc3 {[%emt 0:00:07]} Bg7 {[%emt 0:00:07]} 4. e4 {[%emt 0:00:07]} d6
{[%emt 0:00:05]} 5. Be2 {[%emt 0:00:18]} O-O {[%emt 0:00:15]} 6. h4 {[%emt 0:
00:27]} c5 {[%emt 0:03:23]} 7. d5 {[%emt 0:00:30]} e6 {[%emt 0:00:43]} 8. h5 {
[%emt 0:01:21]} exd5 {[%emt 0:01:15]} 9. exd5 {[%emt 0:00:06]} Re8 {[%emt 0:02:
26]} 10. h6 {[%emt 0:00:53]} Bh8 {[%emt 0:01:17]} 11. Bg5 {[%emt 0:02:22]} Qb6
{[%emt 0:02:19]} 12. b3 {[%emt 0:02:21]} Bf5 {[%emt 0:06:41]} 13. Rc1 {[%emt 0:
20:33]} Nbd7 {[%emt 0:10:14]} 14. Kf1 {[%emt 0:04:24]} Ne5 {[%emt 0:06:54]} 15.
Rh4 {[%emt 0:06:48]} Qa5 {[%emt 0:06:11]} 16. Nb5 {[%emt 0:06:55]} Qb6 {
[%emt 0:04:41]} 17. g4 {[%emt 0:09:38]} Bc8 {[%emt 0:05:08]} 18. Nc3 {[%emt 0:
09:52]} Nfd7 {[%emt 0:05:53]} 19. Bd2 {[%emt 0:02:54]} Qd8 {[%emt 0:03:57]} 20.
Rh2 {[%emt 0:02:44]} f5 {[%emt 0:08:57]} 21. gxf5 {[%emt 0:04:35]} gxf5 {
[%emt 0:00:52]} 22. Bh5 {[%emt 0:14:30]} Re7 {[%emt 0:04:45]} 23. Rg2+ {
[%emt 0:05:20]} Kf8 {[%emt 0:02:06]} 24. Nf3 {[%emt 0:00:25]} a6 {[%emt 0:07:
59]} 25. Nxe5 {[%emt 0:02:15]} Nxe5 {[%emt 0:03:14]} 26. Bg5 {[%emt 0:00:40]}
Qc7 {[%emt 0:02:51]} 27. Qd2 {[%emt 0:00:27]} Rf7 {[%emt 0:01:42]} 28. Ne2 {
[%emt 0:01:02]} b5 {[%emt 0:04:10]} 29. Nf4 {[%emt 0:01:02]} Rf6 {[%emt 0:02:
43]} 30. Ne6+ {[%emt 0:01:28]} Rxe6 {[%emt 0:01:13]} 31. dxe6 {[%emt 0:00:04]}
Bxe6 {[%emt 0:00:08]} 32. Re1 {[%emt 0:00:12]} Qd7 {[%emt 0:01:11]} 33. f4 {
[%emt 0:00:41]} Ng6 {[%emt 0:00:45]} 34. Rge2 {[%emt 0:00:56]} Re8 {[%emt 0:01:
02]} 35. Bf3 {[%emt 0:00:34]} Bd4 {[%emt 0:01:25]} 36. Qd3 {[%emt 0:00:40]} Bf7
{[%emt 0:00:58]} 37. Rxe8+ {[%emt 0:00:30]} Bxe8 {[%emt 0:00:01]} 38. Bd5 {
[%emt 0:00:10]} Bf7 {[%emt 0:00:53]} 39. Qf3 {[%emt 0:00:04]} Be8 {[%emt 0:00:
53]} 40. Be6 {[%emt 0:00:58]} Qc7 {[%emt 0:00:16]} 41. Bxf5 {[%emt 0:51:23]}
bxc4 {[%emt 0:23:49]} 42. Rxe8+ {[%emt 0:00:00]} Kxe8 {[%emt 0:00:17]} 43. Qa8+
{[%emt 0:00:00]} Kf7 {[%emt 0:00:23]} 44. Qd5+ {[%emt 0:00:00]} Ke8 {[%emt 0:
04:21]} 45. Be6 {[%emt 0:00:00]} Qb8 {[%emt 0:01:26]} 46. Qc6+ {[%emt 0:00:00]}
Kf8 {[%emt 0:00:26]} 47. Qd7 {[%emt 0:00:00]} Qe8 {[%emt 0:01:13]} 48. Qxd6+ {
[%emt 0:00:00]} Ne7 {[%emt 0:00:06]} 49. Bxc4 {[%emt 0:00:00]} a5 {[%emt 0:00:
20]} 50. Qe6 {[%emt 0:00:00]} 1-0

[Event "FIDE Womens Grand Swiss 2021"]
[Site "Riga"]
[Date "2021.10.28"]
[Round "2.14"]
[White "Arabidze, Meri"]
[Black "Vantika Agrawal"]
[Result "1/2-1/2"]
[WhiteElo "2441"]
[BlackElo "2322"]
[Annotator "NA"]
[PlyCount "86"]
[EventDate "2021.10.27"]
[EventType "swiss"]
[EventCountry "LAT"]
[Tiebreak "Cut1 Buchholz+Sonneborn-Berger (Swiss)"]
[SourceTitle "playchess.com"]
[Source "ChessBase"]
[SourceQuality "1"]
[TimeControl "40/6000+30:20/3000+30:900+30"]

1. Nf3 {[%emt 0:10:08]} Nf6 {[%emt 0:10:46]} 2. g3 {[%emt 0:00:09]} g6 {
[%emt 0:00:28]} 3. b3 {[%emt 0:00:09]} Bg7 {[%emt 0:00:33]} 4. Bb2 {[%emt 0:00:
03]} d6 {[%emt 0:00:29]} 5. d4 {[%emt 0:00:15]} c5 {[%emt 0:00:38]} 6. Bg2 {
[%emt 0:00:52]} cxd4 {[%emt 0:00:59]} 7. Nxd4 {[%emt 0:00:08]} d5 {[%emt 0:00:
59]} 8. O-O {[%emt 0:01:03]} O-O {[%emt 0:00:14]} 9. c4 {[%emt 0:00:18]} dxc4 {
[%emt 0:01:23]} 10. bxc4 {[%emt 0:00:02]} Qb6 {[%emt 0:00:15]} 11. Qb3 {
[%emt 0:00:13] 11.Qc1 is more advanced technology.} Nfd7 {[%emt 0:00:33]} 12.
e3 {[%emt 0:00:38]} e5 {[%emt 0:03:11]} 13. Nb5 {[%emt 0:03:58]} Nc5 {[%emt 0:
03:49]} 14. Qa3 {[%emt 0:00:09]} Be6 {[%emt 0:02:26]} 15. Nd2 {[%emt 0:01:24]}
Rd8 {[%emt 0:06:55]} 16. Bc3 {[%emt 0:00:34]} Rd7 {[%emt 0:00:39] [#]} 17. Ba5
$146 {[%emt 0:11:36]} ({Predecessor:} 17. Rab1 Bf8 18. Nd4 Qd8 19. Nxe6 Nxe6
20. Qc1 Nc5 21. Qc2 Nc6 22. Ne4 Nd3 23. Rfd1 {1/2-1/2 (29) Arutinian,D (2536)
-Piorun,K (2653) Batumi 2018}) 17... Qa6 {[%emt 0:02:47]} 18. Qxc5 {[%emt 0:01:
50]} Qxa5 {[%emt 0:01:13]} 19. Qc8+ {[%emt 0:07:09]} Bf8 {[%emt 0:12:24]} 20.
Nb3 {[%emt 0:09:27]} Qb6 $11 {[%emt 0:07:56]} 21. a4 {[%emt 0:10:55]} Re7 {
[%emt 0:13:22]} 22. Qc5 {[%emt 0:05:15]} Na6 {[%emt 0:21:55]} 23. Qxb6 {
[%emt 0:03:08]} axb6 {[%emt 0:00:05]} 24. Bd5 {[%emt 0:00:51]} Bh3 {[%emt 0:01:
16]} 25. Rfb1 {[%emt 0:05:02]} Rd7 {[%emt 0:01:28]} 26. Nc3 {[%emt 0:05:15]}
Nb4 {[%emt 0:07:57]} 27. Nd2 {[%emt 0:05:29]} Kg7 {[%emt 0:01:21]} 28. Rb3 {
[%emt 0:05:54]} Rc8 {[%emt 0:03:42]} 29. Rab1 {[%emt 0:03:51]} Nxd5 {[%emt 0:
00:19]} 30. Nxd5 {[%emt 0:01:29]} Bc5 {[%emt 0:00:28]} 31. Ne4 {[%emt 0:09:02]}
Bf5 {[%emt 0:01:00]} 32. Nxc5 {[%emt 0:01:49]} Rxc5 {[%emt 0:00:10]} 33. Nxb6 {
[%emt 0:01:41]} Rd6 {[%emt 0:00:54]} 34. Ra1 {[%emt 0:00:34]} Be6 {[%emt 0:03:
47]} 35. Rb4 {[%emt 0:01:21]} h5 {[%emt 0:00:48]} 36. Kg2 {[%emt 0:02:09]} e4 {
[%emt 0:00:23]} 37. h3 {[%emt 0:01:53]} Rd2 {[%emt 0:00:42]} 38. Rb5 {[%emt 0:
01:30]} Rc6 {[%emt 0:00:29]} 39. a5 {[%emt 0:00:53]} Bxc4 {[%emt 0:00:33]} 40.
Nxc4 {[%emt 0:00:32]} Rxc4 {[%emt 0:00:06]} 41. Rxb7 {[%emt 0:50:20]} Rcc2 {
[%emt 0:50:23]} 42. Rf1 {[%emt 0:00:06]} Ra2 {[%emt 0:00:00]} 43. Re7 {[%emt 0:
00:00]} Ra4 {[%emt 0:00:00]} 1/2-1/2